1010 1045 1284 1960 1100 1405 1707 1492 1613 1555 1528 1025 1932 1799 1959 1780 1070 1341 1894 1408 1800 1597 1122 1235 1023 1543 1816 1482 1986 1341 1440 1914 1946 1866 1556 1834 1087 1863 1521 1945 1889 1095 1056 1451 1859 1987 1913 1810 1155 1698 1949 1067 1963 1245 1029 1026 1678 1621 1700 1776 1864 1857 1662 1635 1341 1530 1863 1326 1529 1308 1762 1475 1458 1173 1167 1716 1711 1808 1239 1191 1774 1871 1318 1462 1769 1404 1105 1970 1976 1721 1091 1173 1009 1175 1424 1829 1086 1835 1897 BCNSPRNW ULIB Ver.6.0+V

เปลี่ยนเป็นภาษาไทย

Change to English
 แสดงรายละเอียดบรรณานุกรม
  กลับหน้าหลัก

Brief Record : Get Marc (ISO 2709) : E-mail record : QR code < ปิดหน้าต่าง
LEADER : 00000nam 2200000uu 4500
001    13399120194
003     ULIB
008    120911s2550||||th 000 0 tha d
020    ^a9742948526
020    ^a9789742948528
060 04 ^aWY152^bบ573ก
245 00 ^aการพยาบาลผู้สูงอายุ /^cบรรณาธิการ, บุญศรี นุเกตุ,ปาลีรัตน์ พรทวีกัณทา และคณะ
250    ^aพิมพ์ครั้งที่ 3
260    ^aนนทบุรี :^bโครงการสวัสดิการวิชาการ สถาบันพระบรมราชชนก,^c2550
300    ^a[8], 243 หน้า :^bภาพประกอบ :^c26 ซม.
504    ^aดรรชนี
650  7 ^aการพยาบาลผู้สูงอายุ
650  7 ^aโรคเรื้อรัง
650  7 ^aผู้สูงอายุ
700 0  ^aบุญศรี นุเกตุ,^eบรรณาธิการ
700 0  ^aปาลีรัตน์ พรทวีกัณทา,^eบรรณาธิการ
710 2  ^aสถาบันพระบรมราชชนก. ^bโครงการสวัสดิการวิชาการ
945    ^p0^l0^i19500
945    ^p0^l0^i19501
945    ^p0^l0^i19502
945    ^p0^l0^i19503
945    ^p0^l0^i19504
945    ^p0^l0^i26096
945    ^p0^l0^i26097
995    ^aกัณชพร
999 ^a ใช้งานได้ทุกระบบ
รายการนี้ยังไม่มีแท็ก
คุณยังไม่ได้ล็อกอิน คุณสามารถมีกิจกรรมร่วมกับเว็บไซต์ได้ แต่ต้องล็อกอินก่อน ::
  ล็อกอิน

รายการสื่อสารสนเทศ

ลำดับที่ ประเภท เลขเรียก/บาร์โค้ด สถานที่ สถานะ
1. วิทยาศาสตร์การแพทย์ และสุขภาพ
วิทยาศาสตร์การแพทย์ และสุขภาพ
WY152 บ573ก  
  Barcode: 19500
ห้องสมุดวิทยาเขตสวรรค์ประชารักษ์
►ส่วนจัดเก็บหนังสือเก่า สปร
บนชั้น
  ขอยืม
2. วิทยาศาสตร์การแพทย์ และสุขภาพ
วิทยาศาสตร์การแพทย์ และสุขภาพ
WY152 บ573ก ฉ.2 
  Barcode: 19501
ห้องสมุดวิทยาเขตสวรรค์ประชารักษ์
►ส่วนจัดเก็บหนังสือเก่า สปร
บนชั้น
  ขอยืม
3. วิทยาศาสตร์การแพทย์ และสุขภาพ
วิทยาศาสตร์การแพทย์ และสุขภาพ
WY152 บ573ก ฉ.3 
  Barcode: 19502
ห้องสมุดวิทยาเขตสวรรค์ประชารักษ์
►ส่วนจัดเก็บหนังสือเก่า สปร
บนชั้น
  ขอยืม
4. วิทยาศาสตร์การแพทย์ และสุขภาพ
วิทยาศาสตร์การแพทย์ และสุขภาพ
WY152 บ573ก ฉ.4 
  Barcode: 19503
ห้องสมุดวิทยาเขตสวรรค์ประชารักษ์
►ส่วนจัดเก็บหนังสือเก่า สปร
บนชั้น
  ขอยืม
5. วิทยาศาสตร์การแพทย์ และสุขภาพ
วิทยาศาสตร์การแพทย์ และสุขภาพ
WY152 บ573ก ฉ.5 
  Barcode: 19504
ห้องสมุดวิทยาเขตสวรรค์ประชารักษ์
►ส่วนจัดเก็บหนังสือเก่า สปร
บนชั้น
  ขอยืม

รายการใกล้เคียง
    หัวเรื่อง [การพยาบาลผู้สูงอายุ]
    หัวเรื่อง [โรคเรื้อรัง]
    หัวเรื่อง [ผู้สูงอายุ]

BibComment


ยังไม่เคยถูกคอมเมนท์

คอมเมนท์ทรัพยากรรายการนี้
  คอมเมนท์: การพยาบาลผู้สูงอ..


 Copyright 2026. Bcnsprnw @Library